| 000 | 00855nam a2200277 i 4500 | ||
|---|---|---|---|
| 001 | 18978 | ||
| 003 | ES-MaACL | ||
| 005 | 20250819081313.0 | ||
| 007 | t| | ||
| 008 | 020218s2001 sp |||| | spa j | ||
| 020 | _a84-7731-375-X | ||
| 080 | _a329(460)"18" | ||
| 080 | _a94(460)"1868/74" | ||
| 100 | 1 |
_aPérez Roldán, Carmen. _991118 |
|
| 245 | 1 | 3 |
_aEl Partido Republicano Federal _b: 1868-1874 / _cCarmen Pérez Roldán. |
| 260 |
_aMadrid : _bEndymion, _c[2001] |
||
| 300 |
_a485 p. ; _c20 cm. |
||
| 490 | 1 |
_aEnsayo ; _v136 |
|
| 500 | _aÍndice. | ||
| 504 | _aBibliografía: p. 465-485. | ||
| 610 | 2 | 4 |
_aPartido Republicano Federal (España. 1930) _96150 |
| 651 | 4 |
_aEspaña- _xHistoria- _y1868-1874, Sexenio revolucionario _98260 |
|
| 830 | 0 |
_aEnsayo ; _v136 _9177699 |
|
| 852 |
_aES-MaACL _jL-25432 |
||
| 999 |
_c18978 _d18978 |
||